书目信息 |
| 题名: |
责任高于热爱
|
|
| 作者: | 郭叶 主编 ;北大法律信息网组 编 | |
| 分册: | ||
| 出版信息: | 北京 北京大学出版社 2013 |
|
| 页数: | 332页 | |
| 开本: | 23cm | |
| 丛书名: | ||
| 单 册: | ||
| 中图分类: | D9-53 | |
| 科图分类: | ||
| 主题词: | 法律--文集 , 法律 | |
| 电子资源: | ||
| ISBN: | 978-7-301-23317-7 | |
| 000 | 01211nam0 2200289 450 | |
| 001 | 523 | |
| 005 | 20140905101635.68 | |
| 010 | @a978-7-301-23317-7@dCNY49.00 | |
| 100 | @a20131226d2013 em y0chiy50 ea | |
| 101 | 0 | @achi@eeng |
| 102 | @aCN@b110000 | |
| 105 | @ay z 001yy | |
| 106 | @ar | |
| 200 | 1 | @a责任高于热爱@AZe Ren Gao Yu Re Ai@e北大法律信息网文粹(2003-2013)@EBei Da Fa Lu^ Xin Xi Wang Wen Cui (2003-2013)@dSense responsibility takes@eprecedence over passion chinalawinfo digest (2003-2013)@f郭叶主编@FGuo Ye Zhu Bian@g北大法律信息网组编@zeng |
| 210 | @a北京@c北京大学出版社@d2013 | |
| 215 | @a332页@d23cm | |
| 300 | @a北大法宝 中国法律资源阅读检索系统 | |
| 330 | @a本书由焦点法谈、法治随感、阅读札记、乐彼之园、法律信息研究、北大讲座综述六个栏目构成。 | |
| 510 | 1 | @aSense responsibility takes@eprecedence over passion chinalawinfo digest (2003-2013)@zeng |
| 517 | 1 | @a北大法律信息网文粹(2003-2013)@ABei Da Fa Lu^ Xin Xi Wang Wen Cui (2003-2013) |
| 606 | 0 | @a法律@j文集 |
| 606 | 0 | @a法律 |
| 690 | @aD9-53@v5 | |
| 701 | 0 | @a郭叶@AGuo Ye@4主编 |
| 712 | 02 | @a北大法律信息网组@ABei Da Fa Lu^ Xin Xi Wang Zu@4编 |
| 801 | 0 | @aCN@bTANGWEI@c20140603 |
| 905 | @b0840602-04@dD9-53@e477@f3 | |
| 责任高于热爱:北大法律信息网文粹(2003-2013)=Sense responsibility takes:precedence over passion chinalawinfo digest (2003-2013)/郭叶主编/北大法律信息网组编.-北京:北京大学出版社,2013 |
| 332页;23cm |
| 北大法宝 中国法律资源阅读检索系统 |
| ISBN 978-7-301-23317-7:CNY49.00 |
| 本书由焦点法谈、法治随感、阅读札记、乐彼之园、法律信息研究、北大讲座综述六个栏目构成。 |
| ● |
| 相关链接 |
|
|
|
|
正题名:责任高于热爱
索取号:D9-53/477
 
预约/预借
| 序号 | 登录号 | 条形码 | 馆藏地/架位号 | 状态 | 备注 |
| 1 | 0840602 | 208406027 | 第一样本阅览室/ [索取号:D9-53/477] | 在馆 | |
| 2 | 0840603 | 208406036 | 密集书库-史法系/ [索取号:D9-53/477] | 在馆 | |
| 3 | 0840604 | 208406045 | 第一借阅区/ [索取号:D9-53/477] | 在馆 |